000 00453nam a2200145 i 4500
001 29766
003 ES-MaACL
005 20230906154102.0
007 t|
008 030122s1910 ag ||||1| spa d
100 1 _aBallvé, Antonio.
_925087
245 1 0 _aPrimer censo carcelario
_b: resultados generales /
_cAntonio Ballvé.
260 _aBuenos Aires :
_b[s.n.,
_c1910] (
_fTalleres Gráficos La Penitenciaría Nacional)
852 _aES-MaACL
_jT-1239-F-2
999 _c29766
_d29766